Công nghệ mạ đặc biệt
Nội dung tài liệu cung cấp những kiến thức cơ bản về mạ xoa (mạ không cần bể mạ), mạ cuộn tấm mỏng và dây, mạ đúc, mạ trên mạch điện in, mạ trên hợp kim kẽm đúc, mạ phức hợp, mạ nhúng nóng chảy, sơn điện đi...
Na minha lista:
| Autor principal: | |
|---|---|
| Formato: | Livro |
| Idioma: | Vietnamese |
| Publicado em: |
H.
Bách khoa Hà Nội
2012
|
| Tags: |
Adicionar Tag
Sem tags, seja o primeiro a adicionar uma tag!
|
| Thư viện lưu trữ: | Thư viện Trường Đại học Nam Cần Thơ |
|---|
| LEADER | 01316aam a22002058a 4500 | ||
|---|---|---|---|
| 001 | NCT_779 | ||
| 008 | 121029s2012 ||||||viesd | ||
| 999 | |c 38 |d 38 | ||
| 020 | |a 9786049111167 |c 60000 | ||
| 082 | 0 | 4 | |2 23rd ed. |a 667.028 |b L451 |
| 100 | 1 | |a Nguyễn Văn Lộc | |
| 245 | 1 | 0 | |a Công nghệ mạ đặc biệt |c Nguyễn Văn Lộc |
| 260 | |a H. |b Bách khoa Hà Nội |c 2012 | ||
| 300 | |a 146tr. |b hình vẽ |c 24cm | ||
| 520 | 3 | |a Nội dung tài liệu cung cấp những kiến thức cơ bản về mạ xoa (mạ không cần bể mạ), mạ cuộn tấm mỏng và dây, mạ đúc, mạ trên mạch điện in, mạ trên hợp kim kẽm đúc, mạ phức hợp, mạ nhúng nóng chảy, sơn điện đi | |
| 942 | |2 ddc |c BK | ||
| 952 | |0 0 |1 0 |2 ddc |4 0 |6 667_028000000000000_L451 |7 0 |9 137 |a 000001 |b 000001 |d 2017-09-30 |o 667.028 L451 |p MD.00174 |r 2017-09-30 |v 60000.00 |w 2017-09-30 |y BK | ||
| 952 | |0 0 |1 0 |2 ddc |4 0 |6 667_028000000000000_L451 |7 0 |9 139 |a 000001 |b 000001 |d 2017-09-30 |o 667.028 L451 |p MD.00173 |r 2017-09-30 |v 60000.00 |w 2017-09-30 |y BK | ||
| 952 | |0 0 |1 0 |2 ddc |4 0 |6 667_028000000000000_L451 |7 0 |9 140 |a 000001 |b 000001 |d 2017-09-30 |o 667.028 L451 |p MD.00172 |r 2017-09-30 |v 60000.00 |w 2017-09-30 |y BK | ||
| 980 | |a Thư viện Trường Đại học Nam Cần Thơ | ||


